| 000 | 00916nam a2200241Ia 4500 | ||
|---|---|---|---|
| 003 | Ost | ||
| 005 | 20260507075647.0 | ||
| 008 | 260507s9999||||xx |||||||||||||| ||und|| | ||
| 020 | _a4001809959 | ||
| 040 | _cfsecg | ||
| 041 | _aara | ||
| 082 | _a330 | ||
| 100 |
_aالطبولي، أبو القاسم عمر _eمؤلف |
||
| 245 | 0 |
_aأساسيات الإقتصاد / _c أبو القاسم عمر الطبولي |
|
| 250 | _aطبعة 9 | ||
| 260 |
_aبنغازي: _bدار الجماهيرية للنشر والتوزيع, _c1999 |
||
| 300 |
_a352 صفحة؛ _bإيضاحات ؛ _c24 سم |
||
| 520 | _aمبادئ التحليل المالي الإقتصادي الجزئي- مبادئ التحليل الإقتصادي الكلي. | ||
| 653 | _aأساسيات الإقتصاد | ||
| 653 | _aالإقتصاد | ||
| 700 |
_aعطية،علي عبد السلام _eمؤلف ثانوي |
||
| 942 | _cكتاب | ||
| 999 |
_c45501 _d45501 |
||